American Imperatives : (Record no. 1715011)

MARC details
000 -LEADER
fixed length control field 00469 a2200169 4500
005 - DATE AND TIME OF LATEST TRANSACTION
control field 20260410122247.0
008 - FIXED-LENGTH DATA ELEMENTS--GENERAL INFORMATION
fixed length control field 260410b |||||||| |||| 00| 0 eng d
020 ## - INTERNATIONAL STANDARD BOOK NUMBER
International Standard Book Number 9781784780562
040 ## - CATALOGING SOURCE
Transcribing agency SDCL
041 ## - LANGUAGE CODE
Source of code eng
Language code of text/sound track or separate title eng
084 ## - COLON CLASSIFICATION NUMBER
Classification number V1:19(zE)'P R5
100 ## - MAIN ENTRY--PERSONAL NAME
Personal name Stephanson, Anders
245 ## - TITLE STATEMENT
Title American Imperatives :
Remainder of title The Cold War and Other Matters
260 ## - PUBLICATION, DISTRIBUTION, ETC.
Place of publication, distribution, etc. London :
Name of publisher, distributor, etc. Penguin Random House,
Date of publication, distribution, etc. 2025.
300 ## - PHYSICAL DESCRIPTION
Extent vi, 377p.
942 ## - ADDED ENTRY ELEMENTS (KOHA)
Koha item type Audio Visual Collection
Source of classification or shelving scheme Colon Classification (CC)
100 ## - MAIN ENTRY--PERSONAL NAME
-- 1234656
999 ## -
-- 1715011
-- 1715011
Holdings
Withdrawn status Lost status Source of classification or shelving scheme Damaged status Not for loan Home library Current library Date acquired Source of acquisition Cost, normal purchase price Total checkouts Full call number Barcode Date last seen Cost, replacement price Price effective from Koha item type
    Colon Classification (CC)     South Campus Library South Campus Library 2026-04-09 53 2431.20   V1:19(zE)'P R5 SC1691932 2026-04-09 2998.25 2026-04-09 Textual
Copyright @ Delhi University Library System